[Event "MCRE_O13"]
[Site "?"]
[Date "2003.??.??"]
[Round "?"]
[White "Caha, Rostislav"]
[Black "Chlubna, Josef"]
[Result "0-1"]
[WhiteElo "1800"]
[BlackElo "1800"]
[PlyCount "34"]
[EventDate "2003.??.??"]
[EventType "corr"]
[EventRounds "2"]
[SourceDate "2005.03.12"]

1. e4 e5 2. Nf3 Nc6 3. Bb5 a6 4. Ba4 Nf6 5. O-O b5 6. Bb3 Be7 7. Re1 d6 8. h3
O-O 9. c3 Na5 10. d4 exd4 11. cxd4 h6 12. Bc2 c6 13. b4 Nb7 14. Bb2 Re8 15. Nc3
Qc7 16. e5 Nd5 17. Nxd5 cxd5 {Bily vystoupil z turnaje} 0-1

[Event "MCRE_O13"]
[Site "?"]
[Date "2003.??.??"]
[Round "?"]
[White "Caha, Rostislav"]
[Black "Novak, Vaclav"]
[Result "0-1"]
[WhiteElo "1800"]
[BlackElo "1800"]
[PlyCount "38"]
[EventDate "2003.??.??"]
[EventType "corr"]
[EventRounds "2"]
[SourceDate "2005.03.12"]

1. e4 c5 2. Nf3 Nc6 3. d4 cxd4 4. Nxd4 Nf6 5. Nc3 d6 6. Bg5 e6 7. Be2 Be7 8.
O-O O-O 9. Kh1 Nxe4 10. Nxc6 bxc6 11. Bxe7 Nxc3 12. Bxd8 Nxd1 13. Be7 Nxb2 14.
Bxf8 Kxf8 15. a4 d5 16. Ra2 Nc4 17. Bxc4 dxc4 18. Rb2 Ba6 19. Rd1 Ke7 {
Bily vystoupil z turnaje} 0-1

[Event "MCRE_O13"]
[Site "?"]
[Date "2003.??.??"]
[Round "?"]
[White "Caha, Rostislav"]
[Black "Pauschek, Roman"]
[Result "0-1"]
[WhiteElo "1800"]
[BlackElo "2080"]
[PlyCount "34"]
[EventDate "2003.??.??"]
[EventType "corr"]
[EventRounds "2"]
[SourceDate "2005.03.12"]

1. e4 e5 2. Nf3 Nc6 3. Bb5 a6 4. Ba4 Nf6 5. O-O Nxe4 6. Re1 Nc5 7. Bxc6 dxc6 8.
Nxe5 Be7 9. d4 Ne6 10. c3 O-O 11. Nd2 c5 12. Ndf3 cxd4 13. cxd4 Qd5 14. Be3 b6
15. a3 Bb7 16. Qc2 f6 17. Nd3 Bd6 0-1

[Event "MCRE_O13"]
[Site "?"]
[Date "2003.??.??"]
[Round "?"]
[White "Caha, Rostislav"]
[Black "Trs, Jan"]
[Result "0-1"]
[WhiteElo "1800"]
[BlackElo "2060"]
[PlyCount "52"]
[EventDate "2003.??.??"]
[EventType "corr"]
[EventRounds "2"]
[SourceDate "2005.03.12"]

1. e4 c5 2. Nf3 d6 3. d4 cxd4 4. Nxd4 Nf6 5. Nc3 e6 6. Bg5 Be7 7. f4 h6 8. Bxf6
Bxf6 9. Bb5+ Nd7 10. Qd3 O-O 11. O-O-O Nc5 12. Qg3 e5 13. Nf5 exf4 14. Qg4 Bxf5
15. exf5 Bxc3 16. bxc3 Ne4 17. Qxf4 Nxc3 18. Rxd6 Qa5 19. Bd3 Rfe8 20. f6 Re4
21. Qg3 Nxa2+ 22. Kd1 Nc3+ 23. Kc1 Qa3+ 24. Kd2 Re2+ 25. Bxe2 Ne4+ 26. Ke1 Nxg3
0-1

[Event "MCRE_O13"]
[Site "?"]
[Date "2003.??.??"]
[Round "?"]
[White "Caha, Rostislav"]
[Black "Volf, Michal"]
[Result "0-1"]
[WhiteElo "1800"]
[BlackElo "1800"]
[PlyCount "28"]
[EventDate "2003.??.??"]
[EventType "corr"]
[EventRounds "2"]
[SourceDate "2005.03.12"]

1. e4 e5 2. Nf3 Nc6 3. Bb5 Nf6 4. O-O Nxe4 5. Re1 Nd6 6. Nxe5 Be7 7. Bxc6 dxc6
8. d4 O-O 9. c4 Nf5 10. Nf3 Be6 11. b3 Bf6 12. Bb2 c5 13. Nbd2 Nxd4 14. Nxd4
Bxd4 {Bily vystoupil z turnaje} 0-1

[Event "MCRE_O13"]
[Site "?"]
[Date "2003.??.??"]
[Round "?"]
[White "Chlubna, Josef"]
[Black "Caha, Rostislav"]
[Result "1-0"]
[WhiteElo "1800"]
[BlackElo "1800"]
[PlyCount "37"]
[EventDate "2003.??.??"]
[EventType "corr"]
[EventRounds "2"]
[SourceDate "2005.03.12"]

1. e4 c5 2. Nf3 d6 3. d4 cxd4 4. Nxd4 Nf6 5. Nc3 a6 6. Be2 e6 7. O-O Be7 8. a4
O-O 9. Be3 Qc7 10. f4 Nc6 11. Kh1 Nxd4 12. Bxd4 e5 13. fxe5 dxe5 14. Be3 Rd8
15. Qe1 Bb4 16. Bd2 Rxd2 17. Qxd2 Nxe4 18. Qe3 Nxc3 19. bxc3 {
Cerny vystoupil z turnaje} 1-0

[Event "MCRE_O13"]
[Site "?"]
[Date "2003.??.??"]
[Round "?"]
[White "Chlubna, Josef"]
[Black "Novak, Vaclav"]
[Result "0-1"]
[WhiteElo "1800"]
[BlackElo "1800"]
[PlyCount "64"]
[EventDate "2003.??.??"]
[EventType "corr"]
[EventRounds "2"]
[SourceDate "2005.03.12"]

1. e4 g6 2. Nc3 c5 3. d4 Bg7 4. Be3 Qa5 5. Nf3 Nf6 6. Bd3 c4 7. Be2 Nxe4 8. Bd2
Nxd2 9. Qxd2 d5 10. h3 O-O 11. O-O Nc6 12. a3 Bf5 13. b4 cxb3 14. cxb3 e6 15.
b4 Qd8 16. Rfd1 Be4 17. Ng5 Bc2 18. Rdc1 Nxd4 19. Rxc2 Nxc2 20. Qxc2 Qxg5 21.
Re1 Rac8 22. Qd3 Rxc3 23. Qd1 Rfc8 24. Bf3 Rc1 25. Qe2 Rxe1+ 26. Qxe1 Rc1 27.
Bd1 Qe5 28. Qd2 Rxd1+ 29. Qxd1 Qa1 30. Qxa1 Bxa1 31. Kf1 b5 32. Ke2 Bb2 0-1

[Event "MCRE_O13"]
[Site "?"]
[Date "2003.??.??"]
[Round "?"]
[White "Chlubna, Josef"]
[Black "Pauschek, Roman"]
[Result "0-1"]
[WhiteElo "1800"]
[BlackElo "2080"]
[PlyCount "58"]
[EventDate "2003.??.??"]
[EventType "corr"]
[EventRounds "2"]
[SourceDate "2005.03.12"]

1. e4 e5 2. Nf3 Nc6 3. Bb5 a6 4. Ba4 Nf6 5. O-O Be7 6. Re1 b5 7. Bb3 O-O 8. c3
d6 9. h3 Na5 10. Bc2 c5 11. d3 Bb7 12. a3 Qc7 13. Nh4 Nxe4 14. Qg4 Nf6 15. Qg3
Qd7 16. Bd1 c4 17. Bc2 Kh8 18. d4 Ne4 19. Bxe4 Bxe4 20. Rxe4 Nb3 21. Ra2 Nxc1
22. Ra1 f5 23. Re1 Nd3 24. Re2 f4 25. Qf3 Bxh4 26. Nd2 exd4 27. Ne4 d5 28. Nd2
Bf6 29. Ra2 Nc1 0-1

[Event "MCRE_O13"]
[Site "?"]
[Date "2003.??.??"]
[Round "?"]
[White "Chlubna, Josef"]
[Black "Trs, Jan"]
[Result "0-1"]
[WhiteElo "1800"]
[BlackElo "2060"]
[PlyCount "58"]
[EventDate "2003.??.??"]
[EventType "corr"]
[EventRounds "2"]
[SourceDate "2005.03.12"]

1. e4 c5 2. Nf3 d6 3. d4 cxd4 4. Nxd4 Nf6 5. Nc3 Nc6 6. Bb5 Bd7 7. h3 g6 8.
Nxc6 bxc6 9. Bd3 Bg7 10. O-O O-O 11. Bd2 Rb8 12. b3 Bc8 13. Rb1 Nd7 14. b4 Qc7
15. Ne2 c5 16. bxc5 Rxb1 17. Qxb1 Nxc5 18. Nc3 Bxc3 19. Bxc3 Nxd3 20. Bd4 Nf4
21. Qb3 Ne2+ 22. Kh1 Nxd4 23. Qa4 e5 24. Rc1 Qc3 25. Kh2 Bxh3 26. gxh3 Qd2 27.
Rf1 Nf3+ 28. Kg3 Qf4+ 29. Kg2 Nh4+ 0-1

[Event "MCRE_O13"]
[Site "?"]
[Date "2003.??.??"]
[Round "?"]
[White "Chlubna, Josef"]
[Black "Volf, Michal"]
[Result "0-1"]
[WhiteElo "1800"]
[BlackElo "1800"]
[PlyCount "60"]
[EventDate "2003.??.??"]
[EventType "corr"]
[EventRounds "2"]
[SourceDate "2005.03.12"]

1. e4 c6 2. d4 d5 3. Nd2 dxe4 4. Nxe4 Bf5 5. Nc3 e6 6. a3 Bd6 7. Bd3 Qa5 8. h3
Nf6 9. Bd2 Bxd3 10. cxd3 Nbd7 11. Nf3 Qf5 12. Qe2 O-O-O 13. Nh4 Qh5 14. Nf3 Nd5
15. g4 Qg6 16. Ne4 Be7 17. Bg5 Bxg5 18. Nfxg5 Kb8 19. Qf3 f5 20. gxf5 exf5 21.
h4 fxe4 22. Qxe4 Rhe8 23. f3 Rxe4+ 24. fxe4 Nf4 25. Kd2 h6 26. Nf3 Qg2+ 27. Ke3
Qe2+ 28. Kxf4 Rf8+ 29. Kg3 Rxf3+ 30. Kg4 Nf6# 0-1

[Event "MCRE_O13"]
[Site "?"]
[Date "2003.??.??"]
[Round "?"]
[White "Novak, Vaclav"]
[Black "Caha, Rostislav"]
[Result "1-0"]
[WhiteElo "1800"]
[BlackElo "1800"]
[PlyCount "35"]
[EventDate "2003.??.??"]
[EventType "corr"]
[EventRounds "2"]
[SourceDate "2005.03.12"]

1. d4 d5 2. c4 e6 3. Nf3 Nf6 4. Nc3 Be7 5. Bg5 O-O 6. e3 Nbd7 7. Rc1 b6 8. cxd5
Nxd5 9. Nxd5 exd5 10. Bxe7 Qxe7 11. Rxc7 Re8 12. Bd3 Qd6 13. Qc2 Nf6 14. Ng5
Bd7 15. Bxh7+ Kf8 16. O-O Rac8 17. Rc3 Rxc3 18. bxc3 {Cerny vystoupil z turnaje
} 1-0

[Event "MCRE_O13"]
[Site "?"]
[Date "2003.??.??"]
[Round "?"]
[White "Novak, Vaclav"]
[Black "Chlubna, Josef"]
[Result "1-0"]
[WhiteElo "1800"]
[BlackElo "1800"]
[PlyCount "57"]
[EventDate "2003.??.??"]
[EventType "corr"]
[EventRounds "2"]
[SourceDate "2005.03.12"]

1. f4 c5 2. Nf3 Nc6 3. e4 e6 4. d3 d6 5. Be2 Nf6 6. O-O h6 7. c3 Bd7 8. Na3 Qb6
9. Nc4 Qc7 10. e5 Nh7 11. Be3 b5 12. Nxd6+ Bxd6 13. exd6 Qxd6 14. Nd2 Nf6 15.
Nb3 h5 16. Bxc5 Qc7 17. d4 a6 18. Bf3 Rd8 19. d5 Nb8 20. Qd4 Rc8 21. d6 Nc6 22.
Qxf6 gxf6 23. dxc7 Rxc7 24. Rad1 f5 25. Bb6 Rc8 26. Nc5 Ke7 27. Rxd7+ Kf6 28.
Nxa6 Nb8 29. Bd4+ 1-0

[Event "MCRE_O13"]
[Site "?"]
[Date "2003.??.??"]
[Round "?"]
[White "Novak, Vaclav"]
[Black "Pauschek, Roman"]
[Result "0-1"]
[WhiteElo "1800"]
[BlackElo "2080"]
[PlyCount "88"]
[EventDate "2003.??.??"]
[EventType "corr"]
[EventRounds "2"]
[SourceDate "2005.03.12"]

1. f4 Nf6 2. Nf3 g6 3. d3 d5 4. g3 Bg7 5. Bg2 O-O 6. O-O c5 7. Nc3 d4 8. Ne4
Nxe4 9. dxe4 Nc6 10. e3 Qb6 11. exd4 cxd4 12. Kh1 Be6 13. Re1 Rac8 14. a3 Rfd8
15. e5 h6 16. Re2 Rc7 17. b4 a5 18. bxa5 Nxa5 19. Be3 Nc6 20. Bf2 Qc5 21. Rd2
Rcd7 22. h3 f6 23. exf6 exf6 24. a4 f5 25. Ne1 Bd5 26. Bxd5+ Qxd5+ 27. Qf3 Qc4
28. Qd3 Na5 29. Qxc4+ Nxc4 30. Rd3 Nb2 31. Rda3 d3 32. cxd3 Nxd3 33. R1a2 Nxf2+
34. Rxf2 Ra8 35. Nf3 b5 36. Ne5 Bxe5 37. fxe5 Rxa4 38. Rb3 Rb7 39. Rfb2 b4 40.
Kg2 Kf7 41. Rd3 Ra5 42. Rdb3 Rab5 43. g4 Ke6 44. gxf5+ Kxf5 0-1

[Event "MCRE_O13"]
[Site "?"]
[Date "2003.??.??"]
[Round "?"]
[White "Novak, Vaclav"]
[Black "Trs, Jan"]
[Result "1-0"]
[WhiteElo "1800"]
[BlackElo "2060"]
[PlyCount "92"]
[EventDate "2003.??.??"]
[EventType "corr"]
[EventRounds "2"]
[SourceDate "2005.03.12"]

1. e4 c6 2. d4 d5 3. e5 Bf5 4. Nc3 e6 5. g4 Bg6 6. Nge2 Ne7 7. Nf4 c5 8. dxc5
Nec6 9. h4 Qc7 10. h5 Qxe5+ 11. Nfe2 Be4 12. Bf4 Qf6 13. g5 Qe7 14. Nxe4 dxe4
15. Nc3 Qxc5 16. Qd2 Nd4 17. O-O-O Nbc6 18. Kb1 O-O-O 19. Nxe4 Qb6 20. Be3 Qc7
21. Bg2 Be7 22. Qc3 Nf5 23. Bc5 Nh4 24. Bh3 Rxd1+ 25. Rxd1 Rd8 26. Bg4 Rxd1+
27. Bxd1 Nf5 28. Bxe7 Ncxe7 29. Qd2 Qc4 30. Bf3 Qf1+ 31. Qc1 Qxc1+ 32. Kxc1 Kc7
33. Kd2 b6 34. b4 Nd5 35. a3 Nf4 36. c4 Nd4 37. Bd1 e5 38. Kc3 Kd7 39. a4 Kc6
40. a5 Kd7 41. axb6 axb6 42. c5 bxc5 43. bxc5 Ke6 44. Kc4 f5 45. gxf6 gxf6 46.
h6 Kf5 1-0

[Event "MCRE_O13"]
[Site "?"]
[Date "2003.??.??"]
[Round "?"]
[White "Novak, Vaclav"]
[Black "Volf, Michal"]
[Result "1/2-1/2"]
[WhiteElo "1800"]
[BlackElo "1800"]
[PlyCount "80"]
[EventDate "2003.??.??"]
[EventType "corr"]
[EventRounds "2"]
[SourceDate "2005.03.12"]

1. d4 Nf6 2. c4 g6 3. Nc3 d5 4. cxd5 Nxd5 5. e4 Nxc3 6. bxc3 Bg7 7. Bc4 c5 8.
Ne2 O-O 9. O-O Nc6 10. Be3 Qc7 11. Rc1 Rd8 12. Bf4 Qd7 13. d5 Na5 14. Bd3 b5
15. Be3 e6 16. Bxc5 exd5 17. Bd4 dxe4 18. Bxe4 Bb7 19. Bxb7 Nxb7 20. Re1 Rac8
21. Bxa7 Qxd1 22. Rexd1 Rxd1+ 23. Rxd1 Ra8 24. Be3 Rxa2 25. Kf1 h5 26. g3 Rb2
27. Rd5 Na5 28. Bc1 Rb1 29. Kg2 Nc4 30. h4 Rb3 31. Bf4 Kf8 32. Nd4 Bxd4 33.
cxd4 Ke7 34. Rc5 f6 35. d5 Nb6 36. Bc7 Na4 37. Rc6 Rd3 38. Bd6+ Kd7 39. Bf4 g5
40. hxg5 fxg5 1/2-1/2

[Event "MCRE_O13"]
[Site "?"]
[Date "2003.??.??"]
[Round "?"]
[White "Pauschek, Roman"]
[Black "Caha, Rostislav"]
[Result "1-0"]
[WhiteElo "2080"]
[BlackElo "1800"]
[PlyCount "39"]
[EventDate "2003.??.??"]
[EventType "corr"]
[EventRounds "2"]
[SourceDate "2005.03.12"]

1. e4 c5 2. Nf3 d6 3. d4 cxd4 4. Nxd4 Nf6 5. Nc3 a6 6. Bg5 e6 7. f4 Be7 8. Qf3
Qc7 9. O-O-O O-O 10. Qg3 Nbd7 11. Be2 Rd8 12. Rhe1 Nc5 13. Bf3 Rb8 14. e5 dxe5
15. fxe5 Ne8 16. h4 b5 17. Nc6 Bxg5+ 18. Qxg5 Rxd1+ 19. Rxd1 Rb6 20. Qe7 1-0

[Event "MCRE_O13"]
[Site "?"]
[Date "2003.??.??"]
[Round "?"]
[White "Pauschek, Roman"]
[Black "Novak, Vaclav"]
[Result "1/2-1/2"]
[WhiteElo "2080"]
[BlackElo "1800"]
[PlyCount "89"]
[EventDate "2003.??.??"]
[EventType "corr"]
[EventRounds "2"]
[SourceDate "2005.03.12"]

1. e4 c5 2. Nf3 d6 3. d4 cxd4 4. Nxd4 Nf6 5. Nc3 a6 6. Be2 e5 7. Nb3 Be7 8. O-O
O-O 9. Be3 Be6 10. Qd2 Nbd7 11. a4 Bxb3 12. cxb3 Nc5 13. Qc2 Rc8 14. Bd3 Ne6
15. Qd1 Qd7 16. Bc4 Rfd8 17. a5 h6 18. Na4 Qe8 19. Nb6 Rc6 20. Bd5 Rc7 21. b4
Nxd5 22. Nxd5 Rc6 23. Qg4 Kh8 24. g3 Rc4 25. Rac1 Rdc8 26. Rc3 Bd8 27. Rfc1
R4c6 28. h3 Bg5 29. f4 exf4 30. gxf4 Bd8 31. h4 Rxc3 32. Rxc3 Rxc3 33. bxc3 Nf8
34. f5 Nd7 35. Bd4 Ne5 36. Qf4 h5 37. f6 Qe6 38. fxg7+ Kxg7 39. Ne3 Kf8 40. Nf5
Be7 41. Bxe5 dxe5 42. Qg3 Qg6 43. Kf2 Qxg3+ 44. Kxg3 f6 45. Kf3 1/2-1/2

[Event "MCRE_O13"]
[Site "?"]
[Date "2003.??.??"]
[Round "?"]
[White "Pauschek, Roman"]
[Black "Trs, Jan"]
[Result "1/2-1/2"]
[WhiteElo "2080"]
[BlackElo "2060"]
[PlyCount "96"]
[EventDate "2003.??.??"]
[EventType "corr"]
[EventRounds "2"]
[SourceDate "2005.03.12"]

1. e4 c6 2. d4 d5 3. Nc3 dxe4 4. Nxe4 Nd7 5. Bc4 Ngf6 6. Ng5 e6 7. Qe2 Nb6 8.
Bd3 h6 9. N5f3 c5 10. dxc5 Bxc5 11. Ne5 Nbd7 12. Ngf3 Qc7 13. O-O O-O 14. Re1
Bd6 15. Nc4 Be7 16. Nfe5 Nc5 17. Bf4 Nxd3 18. Qxd3 Nd5 19. Bg3 Bc5 20. Nf3 Qc6
21. Na5 Nb4 22. Nxc6 Nxd3 23. cxd3 bxc6 24. Rec1 Bb6 25. a4 Ba6 26. a5 Bd8 27.
Ne5 Bf6 28. Rxc6 Bb5 29. Rc7 a6 30. d4 Rac8 31. Rc3 Rcd8 32. Rd1 Rd5 33. h3
Rfd8 34. Rdc1 Rxd4 35. Rc7 R8d5 36. Rc8+ Kh7 37. Nxf7 Kg6 38. Nh8+ Kf5 39. Kh2
e5 40. Nf7 Ke6 41. R1c7 Rd1 42. Nh8 Bd7 43. Rf8 Rxa5 44. Ng6 Rb1 45. Rb7 Rd5
46. Bh4 Bxh4 47. Nxh4 e4 48. Rb6+ Rd6 1/2-1/2

[Event "MCRE_O13"]
[Site "?"]
[Date "2003.??.??"]
[Round "?"]
[White "Pauschek, Roman"]
[Black "Volf, Michal"]
[Result "1-0"]
[WhiteElo "2080"]
[BlackElo "1800"]
[PlyCount "95"]
[EventDate "2003.??.??"]
[EventType "corr"]
[EventRounds "2"]
[SourceDate "2005.03.12"]

1. e4 c5 2. Nf3 d6 3. d4 cxd4 4. Nxd4 Nf6 5. Nc3 a6 6. Bg5 e6 7. f4 b5 8. e5
dxe5 9. fxe5 Qc7 10. Qe2 Nfd7 11. O-O-O Bb7 12. Qg4 Qxe5 13. Bd3 h6 14. Bh4 g5
15. Rhe1 h5 16. Qxg5 Bh6 17. Qxh6 Rxh6 18. Rxe5 Nxe5 19. Bxb5+ axb5 20. Nf5
Nbd7 21. Nxh6 Bxg2 22. Rg1 Bc6 23. Rg8+ Nf8 24. a3 b4 25. Bg3 f6 26. Bxe5 fxe5
27. axb4 Ra1+ 28. Nb1 Ra4 29. Rg5 Rxb4 30. Rxh5 Nd7 31. Nd2 Ke7 32. b3 Kf6 33.
Rh3 Rf4 34. Rg3 e4 35. Ng4+ Kf5 36. h3 Ne5 37. Ne3+ Kf6 38. b4 Nf3 39. c4 Nd4
40. Rg4 Ke5 41. b5 Be8 42. Rg8 Bf7 43. Rd8 Bh5 44. b6 Rf7 45. c5 Nc6 46. Ndc4+
Kf4 47. Rd6 Nb4 48. Rxe6 1-0

[Event "MCRE_O13"]
[Site "?"]
[Date "2003.??.??"]
[Round "?"]
[White "Trs, Jan"]
[Black "Chlubna, Josef"]
[Result "1-0"]
[WhiteElo "2060"]
[BlackElo "1800"]
[PlyCount "59"]
[EventDate "2003.??.??"]
[EventType "corr"]
[EventRounds "2"]
[SourceDate "2005.03.12"]

1. d4 d5 2. c4 e6 3. Nc3 c5 4. cxd5 exd5 5. Nf3 Nc6 6. g3 Nf6 7. Bg2 Be7 8. O-O
O-O 9. dxc5 Bxc5 10. Bg5 d4 11. Bxf6 Qxf6 12. Ne4 Qd8 13. Nxc5 Qd5 14. Nb3 Qc4
15. Nfxd4 Rd8 16. Rc1 Qa4 17. Rxc6 Rxd4 18. Nxd4 Qxd1 19. Rxc8+ Rxc8 20. Rxd1
Rc4 21. Bxb7 g6 22. Bd5 Rc5 23. e4 Kg7 24. b4 Rc3 25. Nb5 Rc2 26. Nxa7 Rxa2 27.
Bxa2 h5 28. b5 Kh6 29. b6 Kg5 30. b7 1-0

[Event "MCRE_O13"]
[Site "?"]
[Date "2003.??.??"]
[Round "?"]
[White "Trs, Jan"]
[Black "Novak, Vaclav"]
[Result "1/2-1/2"]
[WhiteElo "2060"]
[BlackElo "1800"]
[PlyCount "88"]
[EventDate "2003.??.??"]
[EventType "corr"]
[EventRounds "2"]
[SourceDate "2005.03.12"]

1. e4 g6 2. d4 Bg7 3. Nf3 d6 4. Nc3 Nf6 5. Be2 O-O 6. O-O c6 7. Re1 Qc7 8. Bg5
Nbd7 9. Qd2 e5 10. Rad1 b5 11. dxe5 dxe5 12. Bf1 a5 13. Qd6 Qb7 14. Bh4 Re8 15.
Nd2 Re6 16. Qd3 Qc7 17. Qe3 a4 18. a3 Bb7 19. Nf3 h6 20. Rd2 g5 21. Bg3 Nh5 22.
Red1 Nb6 23. Ne1 Nxg3 24. Qxg3 Re7 25. Nf3 Rae8 26. h4 f6 27. Bd3 Rd7 28. b3
Red8 29. hxg5 hxg5 30. Nh2 Rd6 31. bxa4 bxa4 32. Ng4 Bc8 33. Ne3 Be6 34. Qf3
Rb8 35. Nf5 Rdd8 36. Qh3 Bf7 37. Ne2 c5 38. Nc3 Bf8 39. Nb5 Qb7 40. Bc4 Rxd2
41. Bxf7+ Qxf7 42. Rxd2 Qh7 43. Qg4 c4 44. Qd1 Rb7 1/2-1/2

[Event "MCRE_O13"]
[Site "?"]
[Date "2003.??.??"]
[Round "?"]
[White "Trs, Jan"]
[Black "Pauschek, Roman"]
[Result "1/2-1/2"]
[WhiteElo "2060"]
[BlackElo "2080"]
[PlyCount "99"]
[EventDate "2003.??.??"]
[EventType "corr"]
[EventRounds "2"]
[SourceDate "2005.03.12"]

1. d4 d5 2. c4 e6 3. Nc3 Nf6 4. Nf3 c6 5. e3 Nbd7 6. Bd3 dxc4 7. Bxc4 b5 8. Bd3
a6 9. O-O c5 10. a4 b4 11. Ne4 Bb7 12. Ned2 cxd4 13. exd4 Be7 14. a5 O-O 15.
Qe2 Qc7 16. Nc4 Ng4 17. Nfe5 Ngxe5 18. Nxe5 Nf6 19. Be3 Qd6 20. Rfc1 Rac8 21.
Nc4 Qd5 22. f3 Rc6 23. Re1 Qh5 24. Ne5 Rd6 25. Ra4 Nd5 26. Bd2 Qh4 27. Be4 Rdd8
28. g3 Qh5 29. Bxd5 Bxd5 30. Bxb4 Bd6 31. f4 Qf5 32. Bc5 f6 33. Bxd6 Rxd6 34.
Nc4 Rc6 35. Rb4 Rfc8 36. b3 h5 37. Rb6 h4 38. Rxc6 Rxc6 39. Ne3 Qe4 40. Nxd5
Qxd5 41. Qe4 Qxe4 42. Rxe4 hxg3 43. hxg3 Kf7 44. Re3 Rc1+ 45. Kf2 Ra1 46. Rc3
Rxa5 47. Rc7+ Kf8 48. Ra7 Ra3 49. Rb7 Ra1 50. g4 1/2-1/2

[Event "MCRE_O13"]
[Site "?"]
[Date "2003.??.??"]
[Round "?"]
[White "Trs, Jan"]
[Black "Volf, Michal"]
[Result "1-0"]
[WhiteElo "2060"]
[BlackElo "1800"]
[PlyCount "47"]
[EventDate "2003.??.??"]
[EventType "corr"]
[EventRounds "2"]
[SourceDate "2005.03.12"]

1. c4 e5 2. Nc3 Nf6 3. g3 d5 4. cxd5 Nxd5 5. Bg2 Be6 6. Nf3 Nc6 7. O-O Be7 8.
d4 Nxc3 9. bxc3 e4 10. Nd2 f5 11. f3 Nxd4 12. Qa4+ Nc6 13. fxe4 fxe4 14. Nxe4
Qd7 15. Rd1 Bd6 16. Bf4 O-O 17. Bxd6 cxd6 18. Nc5 dxc5 19. Rxd7 Bxd7 20. Qb3+
Rf7 21. Bd5 Nd8 22. Bxf7+ Nxf7 23. Qxb7 Rd8 24. Rd1 1-0

[Event "MCRE_O13"]
[Site "?"]
[Date "2003.??.??"]
[Round "?"]
[White "Volf, Michal"]
[Black "Caha, Rostislav"]
[Result "1-0"]
[WhiteElo "1800"]
[BlackElo "1800"]
[PlyCount "35"]
[EventDate "2003.??.??"]
[EventType "corr"]
[EventRounds "2"]
[SourceDate "2005.03.12"]

1. e4 c5 2. Nf3 d6 3. d4 cxd4 4. Nxd4 Nf6 5. Nc3 a6 6. Bg5 e6 7. f4 Be7 8. Qf3
Qc7 9. O-O-O O-O 10. Bd3 Nc6 11. Nxc6 Qxc6 12. Qg3 Nh5 13. Qh4 Bxg5 14. fxg5 g6
15. Be2 Ng7 16. Rd3 f5 17. Rh3 Nh5 18. Bxh5 {Cerny vystoupil z turnaje} 1-0

[Event "MCRE_O13"]
[Site "?"]
[Date "2003.??.??"]
[Round "?"]
[White "Volf, Michal"]
[Black "Chlubna, Josef"]
[Result "1-0"]
[WhiteElo "1800"]
[BlackElo "1800"]
[PlyCount "57"]
[EventDate "2003.??.??"]
[EventType "corr"]
[EventRounds "2"]
[SourceDate "2005.03.12"]

1. Nf3 d5 2. c4 Nf6 3. d4 dxc4 4. e3 b5 5. a4 Bd7 6. axb5 Bxb5 7. b3 Bc6 8.
bxc4 Be4 9. Nc3 Bb7 10. Bd3 a6 11. Ba3 g6 12. Rb1 Bxf3 13. Qxf3 c6 14. O-O Qc7
15. Ne4 Nxe4 16. Bxe4 e6 17. Rxb8+ Rxb8 18. Bxc6+ Kd8 19. Qf6+ Kc8 20. Qxh8
Qxc6 21. Qxf8+ Kc7 22. Qxf7+ Qd7 23. Qf4+ Kc8 24. Bd6 Rb6 25. c5 Rb4 26. c6
Qxc6 27. Qf8+ Kd7 28. Bxb4 Kc7 29. Rb1 1-0

[Event "MCRE_O13"]
[Site "?"]
[Date "2003.??.??"]
[Round "?"]
[White "Volf, Michal"]
[Black "Novak, Vaclav"]
[Result "1-0"]
[WhiteElo "1800"]
[BlackElo "1800"]
[PlyCount "85"]
[EventDate "2003.??.??"]
[EventType "corr"]
[EventRounds "2"]
[SourceDate "2005.03.12"]

1. e4 c5 2. f4 d5 3. exd5 Qxd5 4. Nc3 Qd8 5. Bc4 Nf6 6. d3 g6 7. Nf3 Bg7 8. Qe2
O-O 9. Be3 Nbd7 10. O-O-O a6 11. d4 b5 12. Bd5 Nxd5 13. Nxd5 e6 14. Nc3 c4 15.
a3 Qa5 16. Ne5 Nxe5 17. dxe5 b4 18. axb4 Qxb4 19. Bd4 Rd8 20. Ne4 Bb7 21. h4 c3
22. bxc3 Qa3+ 23. Kd2 Qa5 24. Ke3 Qd5 25. Qf3 Rac8 26. h5 Bc6 27. h6 Bh8 28.
Bb6 Qxe4+ 29. Qxe4 Rxd1 30. Rxd1 Bxe4 31. Kxe4 f5+ 32. Kd4 g5 33. g3 Kf7 34.
Ra1 gxf4 35. gxf4 Kg6 36. Rxa6 Kxh6 37. Ba5 Re8 38. c4 Kh5 39. c5 Kg4 40. Ke3
Bg7 41. c6 Bh6 42. c7 Bxf4+ 43. Kd4 1-0

[Event "MCRE_O13"]
[Site "?"]
[Date "2003.??.??"]
[Round "?"]
[White "Volf, Michal"]
[Black "Pauschek, Roman"]
[Result "0-1"]
[WhiteElo "1800"]
[BlackElo "2080"]
[PlyCount "96"]
[EventDate "2003.??.??"]
[EventType "corr"]
[EventRounds "2"]
[SourceDate "2005.03.12"]

1. c4 c5 2. Nf3 Nf6 3. g3 b6 4. Bg2 Bb7 5. Nc3 g6 6. b3 Bg7 7. Bb2 O-O 8. O-O
d5 9. Nxd5 Nxd5 10. Bxg7 Kxg7 11. cxd5 Qxd5 12. d4 cxd4 13. Ne1 Qd7 14. Bxb7
Qxb7 15. Qxd4+ f6 16. Rc1 e5 17. Qd6 Na6 18. Nd3 Rad8 19. Qc6 Rf7 20. f3 Nc5
21. Qxb7 Nxb7 22. Rfd1 Rfd7 23. Nb2 Kf7 24. e4 h6 25. b4 Ke6 26. Rc6+ Ke7 27.
Rxd7+ Rxd7 28. a4 Nd8 29. Rc8 Rd4 30. Rc7+ Kd6 31. Rxa7 Rxb4 32. Nd3 Rb3 33.
Ne1 Nc6 34. Rg7 Ne7 35. Rf7 Ke6 36. Rf8 Nc6 37. Rh8 Rb1 38. Kf2 Rb2+ 39. Kg1
Re2 40. Nd3 Nd4 41. Kf1 Re3 42. Ne1 Nxf3 43. Nxf3 Rxf3+ 44. Ke2 Ra3 45. Rb8 g5
46. Rxb6+ Kf7 47. Ra6 g4 48. Ra8 Ra2+ 0-1

[Event "MCRE_O13"]
[Site "?"]
[Date "2003.??.??"]
[Round "?"]
[White "Volf, Michal"]
[Black "Trs, Jan"]
[Result "0-1"]
[WhiteElo "1800"]
[BlackElo "2060"]
[PlyCount "84"]
[EventDate "2003.??.??"]
[EventType "corr"]
[EventRounds "2"]
[SourceDate "2005.03.12"]

1. e4 c5 2. f4 g6 3. Nf3 Nc6 4. Nc3 Bg7 5. Bc4 d6 6. d3 e6 7. O-O Nge7 8. Qe1
O-O 9. Bb3 d5 10. Qh4 Nd4 11. Nxd4 Bxd4+ 12. Kh1 c4 13. dxc4 Bxc3 14. bxc3 dxe4
15. Ba3 Re8 16. Rad1 Bd7 17. Qe1 Qc8 18. Qxe4 a5 19. Bxe7 Rxe7 20. a4 Bc6 21.
Qe5 b6 22. Rd2 Bb7 23. Rfd1 Qc6 24. Qb5 Rd7 25. Kg1 Rad8 26. Qxc6 Bxc6 27. Rd4
h6 28. g3 g5 29. Kf2 gxf4 30. gxf4 Kg7 31. Ke3 Kf6 32. Rxd7 Rxd7 33. Rxd7 Bxd7
34. Kd4 Kf5 35. c5 b5 36. axb5 Bxb5 37. Bc4 Bc6 38. Ke3 a4 39. Bd3+ Kg4 40. Bc4
h5 41. Be2+ Kh3 42. f5 Kxh2 0-1

[Event "MCRE_O13"]
[Site "?"]
[Date "2003.??.??"]
[Round "?"]
[White "Trs, Jan"]
[Black "Caha, Rostislav"]
[Result "1-0"]
[WhiteElo "2060"]
[BlackElo "1800"]
[PlyCount "41"]
[EventDate "2003.??.??"]
[EventType "corr"]
[EventRounds "2"]
[SourceDate "2005.03.12"]

1. c4 c5 2. Nf3 Nc6 3. g3 Nf6 4. Bg2 d6 5. Nc3 e5 6. O-O a6 7. d3 Be7 8. Bg5
O-O 9. Bxf6 Bxf6 10. Nd5 Be6 11. Nd2 Rb8 12. e3 Bxd5 13. cxd5 Ne7 14. Qa4 Nf5
15. Rab1 Qe8 16. Qb3 b5 17. Qa3 Rb6 18. b4 cxb4 19. Rxb4 Qd8 20. Rfb1 Qc8 21.
Bh3 1-0